header

In the shadow of Hitler : (Record no. 88473)

MARC details
000 -LEADER
fixed length control field 02172nam a2200457 i 4500
001 - CONTROL NUMBER
control field ebr10835960
003 - CONTROL NUMBER IDENTIFIER
control field CaPaEBR
006 - FIXED-LENGTH DATA ELEMENTS--ADDITIONAL MATERIAL CHARACTERISTICS--GENERAL INFORMATION
fixed length control field m o d
007 - PHYSICAL DESCRIPTION FIXED FIELD--GENERAL INFORMATION
fixed length control field cr cn|||||||||
008 - FIXED-LENGTH DATA ELEMENTS--GENERAL INFORMATION
fixed length control field 130510t20142014alu ob 001 0 eng|d
020 ## - INTERNATIONAL STANDARD BOOK NUMBER
Cancelled/invalid ISBN 9780817313289 (trade cloth : alk. paper)
International Standard Book Number 9780817381073 (e-book)
040 ## - CATALOGING SOURCE
Original cataloging agency CaPaEBR
Language of cataloging eng
Description conventions rda
-- pn
Transcribing agency CaPaEBR
035 ## - SYSTEM CONTROL NUMBER
System control number (OCoLC)870228712
043 ## - GEOGRAPHIC AREA CODE
Geographic area code n-us-al
050 14 - LIBRARY OF CONGRESS CALL NUMBER
Classification number F335.J5
Item number P83 2013eb
082 04 - DEWEY DECIMAL CLASSIFICATION NUMBER
Classification number 305.892/40761
Edition number 23
100 1# - MAIN ENTRY--PERSONAL NAME
Personal name Puckett, Dan J.
245 10 - TITLE STATEMENT
Title In the shadow of Hitler :
Remainder of title Alabama's Jews, the Second World War, and the Holocaust /
Statement of responsibility, etc Dan J. Puckett.
264 #1 - PRODUCTION, PUBLICATION, DISTRIBUTION, MANUFACTURE, AND COPYRIGHT NOTICE
Place of production, publication, distribution, manufacture Tuscaloosa :
Name of producer, publisher, distributor, manufacturer The University of Alabama Press,
Date of production, publication, distribution, manufacture, or copyright notice [2014]
Date of production, publication, distribution, manufacture, or copyright notice �2014
300 ## - PHYSICAL DESCRIPTION
Extent 1 online resource (343 pages).
336 ## - CONTENT TYPE
Content type term text
Source rdacontent
337 ## - MEDIA TYPE
Media type term computer
Source rdamedia
338 ## - CARRIER TYPE
Carrier type term online resource
Source rdacarrier
490 1# - SERIES STATEMENT
Series statement The modern South
504 ## - BIBLIOGRAPHY, ETC. NOTE
Bibliography, etc Includes bibliographical references and index.
505 0# - FORMATTED CONTENTS NOTE
Formatted contents note Alabama's Jews and Nazism, 1933-38 -- The refugee crisis, 1938-41 -- Zionism in Alabama, 1933-45 -- The Alabama press, Nazi antisemitism, and the holocaust -- The war -- Antisemitism and racism during the war -- Postwar Alabama.
588 ## - SOURCE OF DESCRIPTION NOTE
Source of description note Description based on print version record.
590 ## - LOCAL NOTE (RLIN)
Local note Electronic reproduction. Palo Alto, Calif. : ebrary, 2014. Available via World Wide Web. Access may be limited to ebrary affiliated libraries.
650 #0 - SUBJECT ADDED ENTRY--TOPICAL TERM
Topical term or geographic name as entry element Jews
Geographic subdivision Alabama
General subdivision History
Chronological subdivision 20th century.
Topical term or geographic name as entry element World War, 1939-1945
General subdivision Jews
Geographic subdivision Alabama.
Topical term or geographic name as entry element World War, 1939-1945
General subdivision Refugees
Geographic subdivision Alabama.
Topical term or geographic name as entry element Holocaust, Jewish (1939-1945)
651 #0 - SUBJECT ADDED ENTRY--GEOGRAPHIC NAME
Geographic name Alabama
General subdivision Ethnic relations.
655 #0 - INDEX TERM--GENRE/FORM
Genre/form data or focus term Electronic books.
776 08 - ADDITIONAL PHYSICAL FORM ENTRY
Display text Print version:
Main entry heading Puckett, Dan J.
Title In the shadow of Hitler : Alabama's Jews, the Second World War, and the Holocaust.
Place, publisher, and date of publication Tuscaloosa : The University of Alabama Press, [2014]
Physical description xiv, 326 pages
Series data for related item The modern South
International Standard Book Number 9780817313289
Record control number (DLC)10835960
797 2# - LOCAL ADDED ENTRY--CORPORATE NAME (RLIN)
Corporate name or jurisdiction name as entry element ebrary.
830 #0 - SERIES ADDED ENTRY--UNIFORM TITLE
Uniform title Modern South.
856 40 - ELECTRONIC LOCATION AND ACCESS
Uniform Resource Identifier <a href="http://site.ebrary.com/lib/rucke/Doc?id=10835960">http://site.ebrary.com/lib/rucke/Doc?id=10835960</a>
Public note An electronic book accessible through the World Wide Web; click to view

No items available.

© 2026 Rongo University
Contact us: librarian | system librarian | Rongo university